Architectural building construction ,vol 3: (Record no. 170900)
[ view plain ]
| 000 -LEADER | |
|---|---|
| fixed length control field | 00800nam a22002171 4500 |
| 003 - CONTROL NUMBER IDENTIFIER | |
| control field | OSt |
| 005 - DATE AND TIME OF LATEST TRANSACTION | |
| control field | 20240724121822.0 |
| 008 - FIXED-LENGTH DATA ELEMENTS--GENERAL INFORMATION | |
| fixed length control field | 240724 |
| 040 ## - CATALOGING SOURCE | |
| Transcribing agency | NUST |
| Original cataloging agency | NUST |
| Language of cataloging | eng |
| Modifying agency | NUST |
| Description conventions | rda |
| 050 ## - LIBRARY OF CONGRESS CALL NUMBER | |
| Classification number | TH145 JAG |
| 100 ## - MAIN ENTRY--PERSONAL NAME | |
| Personal name | Jaggard, Walter Robert. |
| Relator term | Author |
| 245 10 - TITLE STATEMENT | |
| Title | Architectural building construction ,vol 3: |
| Remainder of title | a text book for the architectural and building student / |
| Statement of responsibility, etc. | Walter R. Jaggard |
| 260 ## - PUBLICATION, DISTRIBUTION, ETC. | |
| Place of publication, distribution, etc. | London : |
| Name of publisher, distributor, etc. | University Press, |
| Date of publication, distribution, etc. | ©1937. |
| 300 ## - PHYSICAL DESCRIPTION | |
| Extent | xxii, 287 pages. : |
| Other physical details | illustration.; |
| Dimensions | 22 cm. |
| 336 ## - CONTENT TYPE | |
| Source | rdacontent: |
| Content type term | text: |
| Content type code | txt: |
| 337 ## - MEDIA TYPE | |
| Source | rdamedia: |
| Media type term | unmediated: |
| Media type code | n: |
| 338 ## - CARRIER TYPE | |
| Source | rdacarrier: |
| Carrier type term | volume: |
| Carrier type code | nc: |
| 650 ## - SUBJECT ADDED ENTRY--TOPICAL TERM | |
| Topical term or geographic name entry element | Building Construction |
| 700 1# - ADDED ENTRY--PERSONAL NAME | |
| Personal name | Drury, Francis Edison, |
| Relator term | Author. |
| 942 ## - ADDED ENTRY ELEMENTS (KOHA) | |
| Koha item type | Ordinary Loan Books |
| Call number prefix | TH |
| Call number suffix | JAG |
| Source of classification or shelving scheme | Library of Congress Classification |
| Classification part | TH145 JAG |
| Suppress in OPAC | No |
| Withdrawn status | Lost status | Source of classification or shelving scheme | Damaged status | Not for loan | Collection | Home library | Current library | Shelving location | Date acquired | Total Checkouts | Full call number | Date last seen | Price effective from | Koha item type | Public note |
|---|---|---|---|---|---|---|---|---|---|---|---|---|---|---|---|
| LCC | NFIC | FOBE | FOBE | GEN | 07/25/2024 | TH145 JAG | 07/25/2024 | 07/25/2024 | BOOKS | Donation |